Clickable Homophone Pairs Quiz Stats

 Plays Quiz Updated Jun 25, 2020

Support Sporcle.
Go Orange.
Score 0/16 Timer 03:00
0 Plays Today
% Correct
pie - pi
95.2%
hare - hair
91%
flour - flower
90.9%
maze - maize
90.8%
knight - night
90.4%
paws - pause
89.8%
tee - tea
83.8%
aisle - isle
80.4%
% Correct
write - right
79.6%
lynx - links
77.6%
route - root
72.8%
brake - break
71.8%
yoke - yolk
70.1%
whales - wales
69.7%
male - mail
64.4%
quay - key
63.2%

You're not logged in!

Compare scores with friends on all Sporcle quizzes.
OR
Log In

From the Vault

Overlapping TV Shows and Movies

by MSUKent

Making up fake TV and movie titles is one of our greatest joys.
Remove Ads.
Support Sporcle.
Get the best of Sporcle when you Go Orange. This ad-free experience offers more features, more stats, and more fun while also helping to support Sporcle. Thank you for becoming a member.

Show Comments

Extras

Top Quizzes Today


Score Distribution

Your Account Isn't Verified!

In order to create a playlist on Sporcle, you need to verify the email address you used during registration. Go to your Sporcle Settings to finish the process.

Report this User

Report this user for behavior that violates our Community Guidelines.

Details: